000 00845nam a2200253Ia 4500
003 OSt
005 20221005110607.0
006 a|||||r|||| 00| 0
007 ta
008 221004b |||||||| |||| 00| 0 hin d
020 _a9788126317820 (hbk)
_c150
024 _a106101
037 _b0/00971-D5, 18/03/2011, Bharatiya Gyanpith
_cTextual
040 _aCRL
_cCRL
_bhin
041 _2hin
_ahin
082 _aO152,6N251x, K7;P9
100 _aमोहन राकेश
245 0 _aपरिवेश
246 _aParivesha
260 _aनई दिल्ली
_bभारतीय ज्ञानपीठ भारत
_c2009
300 _a163पृ0
_ccm.
942 _hO152,6N251x, K7;P9
_cTEXL
_2cc
999 _c1019308
_d1019308